| 000 | 00686nam a22001337a 4500 | ||
|---|---|---|---|
| 008 | 110620t xxu||||| |||| 00| 0 eng d | ||
| 010 | _aCACAF45 | ||
| 245 | _aCourt of Appeal Criminal Appeal No.59 of 2000 Kavuma Ronald vs Uganda | ||
| 260 | _c2000 | ||
| 500 | _aCORAM: HON. JUSTICE KATO, J.A HON .JUSTICE A .TWINOMUJUNI, J.A HON.JUSTICE C.N.B. KITUMBA, J.A | ||
| 500 | _aApeal from conviction and sentence of the high court of Uganda dated 16/8/I999 in Cr.735/99 | ||
| 999 |
_c3283 _d3283 |
||